9 to 1: Young Adult Fiction Quiz Stats

 Plays Quiz not verified by Sporcle

Score 0/45 Timer 05:00
4 Plays Today
% Correct
The Chamber of Secrets
87%
The Half Blood Prince
86.6%
The Deathly Hallows
86.6%
The Goblet of Fire
86.4%
The Prisoner of Azkaban
86.3%
The Order of the Phoenix
85.9%
The Philosophers Stone
85.6%
Artemis Fowl
79.1%
The Lightning Thief
78%
The Last Olympian
76.5%
Skulduggery Pleasant
76.4%
Catching Fire
72.2%
The Hunger Games
71.7%
Mockingjay
71.7%
Bones
71.3%
Ashes
71.1%
Six of Crows
70.9%
Glass
69.3%
The Raven Boys
68.7%
The Raven King
68.4%
The Sea of Monsters
68.3%
Lost Souls
67.1%
The Titan's Curse
65.3%
% Correct
Fallen Angels
59.3%
The Battle of the Labyrinth
58.4%
The Atlantis Complex
54%
Heavenly Fire
53%
Last Stand of Dead Men
53%
The Arctic Incident
52.8%
Dying of the Light
50.6%
Death Bringer
50.3%
Kingdom of the Wicked
50.2%
The Eternity Code
49.8%
The Opal Deception
46.9%
The Time Paradox
46.5%
Dark Days
46.4%
The Faceless Ones
45%
The Lost Colony
43.7%
Mortal Coil
42.2%
Turtles all the Way Down
41.9%
Playing with Fire
40.5%
The Last Guardian
39.8%
Crooked Kingdom
28.9%
Blue Lily, Lily Blue
28.9%
The Dream Thieves
25.7%

You're not logged in!

Compare scores with friends on all Sporcle quizzes.
OR
Log In

Show Comments

Extras

Top Quizzes Today


Score Distribution

Your Account Isn't Verified!

In order to create a playlist on Sporcle, you need to verify the email address you used during registration. Go to your Sporcle Settings to finish the process.

Report this User

Report this user for behavior that violates our Community Guidelines.

Details: